000 01167nam a2200385 a 4500
005 20191224041619.0
008 140303b2000 ck ||||| |||| 00| 0 spa d
040 _aCO-BoIAVH
_cCO-BoIAVH
041 _aspa
044 _ack
082 _a333.95
_bW67p
110 1 _aWWF
245 _aPatrones de diversidad biológica en los Andes de Colombia
260 _aCali
_bWildlife Conservation Society
_bFundación EcoAndina
_c2000
300 _a87 Paginas
650 6 _aBiodiversidad
650 6 _aBosque andino
650 6 _aBiogeografía
650 _aEcorregiones
650 6 _aGrupos taxonómicos
650 6 _aAves
650 6 _aPalmas
650 6 _aAnura
650 6 _aLepidoptera
662 _aColombia
700 _aVargas, William G.
700 _aFranco, Padu
700 _aHerrera, María Isabel
700 _aAngarita, Isadora
700 _aKattan, Gustavo H.
700 _aHeredia, María Dolores
700 _aSalazar E., Julián A.
700 _aConstantino-Ch., Luis Miguel
942 _cLIBRO
_2ddc
_01
999 _c1983
_d1983